LEADER 00848nam a2200217 i 4500 001 000000186248 003 CaOOAMICUS 005 20100223000000.0 008 100223s1902 fr u000 u fre u 013 $a164295 040 $aSeMil$bita 100 1 $aMaignen, Charles.$0(OLS)http://semarc/name/66796 245 10$aNouveau catholicisme et nouveau clergé /$cCharles Maignen. 250 $a[2. éd. revue et augmentée]. 260 $aParis :$bV. Retaux,$c1902. 300 $aXX, 524 p. ;$c19 cm. 650 4$aCattolicesimo - Francia - Sec. 20.$0(OLS)http://semarc/subject/3995 850 $aSeMil 852 $aSeMil$W1$xVenegono$y1$m2X II 127$j136935$B136935$CSeMilBibl$Z2$F148478 $81 996 $6245$aNouveau catholicisme et nouveau clergé$9(OLS)http://semarc/title/267704 996 $6260$aParis :$bV. Retaux$9(OLS)http://semarc/publisher/37101 LEADER 00938nam a2200253 i 4500 001 000000159045 003 CaOOAMICUS 005 20110418000000.0 008 110418s1903 it u000 u ita u 013 $a136408 040 $aSeMil$bita 245 10$aLeone 13. e la critica biblica. 260 $a[S.l. :$bs.n.],$c1903. 300 $aP. 3-27 ;$c23 cm. 500 $aEstratto da «La rassegna nazionale», vol. 134. 600 04$aLeone XIII .$0(OLS)http://semarc/subject/1692 700 0 $aLeo XIII,$c.$0(OLS)http://semarc/name/553 773 0 $t[Miscellanea.$w()24786 850 $aSeMil 852 $aSeMil$W1$xVenegono$y1$m5B II 2/17 FA$j248200$B110631$CSeMilBibl$Z2$F120266 $8I 900 0 $aLeone XIII$c. 996 $6245$aLeone 13. e la critica biblica$9(OLS)http://semarc/title/140813 996 $6260$a[S.l. :$bs.n.]$9(OLS)http://semarc/publisher/29751